000 00897nam a2200265Ia 4500
003 OSt
005 20220923210943.0
006 a|||||r|||| 00| 0
007 ta
008 220922b |||||||| |||| 00| 0 hin d
020 _a8126001712 (pb)
024 _a230,728
037 _cTextual
040 _aARTS
_cARTS
_bhin
041 _2hin
_ahin
082 _aO15,1A1, 152N6
100 _aराव, इलपावुलूरि पाण्डुर›
_9156510
245 0 _aवाल्मीकि
246 _aVālmīki
260 _aनई दिल्ली
_b साहित्य अकादमी
_c1996
300 _a97पृ.
_ccm.
490 _aभारतीय साहित्य के निर्माता
942 _hO15,1A1, 152N6
_cTEXL
_2CC
999 _c293152
_d293152